Outlook 2013 for dummies & Access 2013 for dummies course. Saving and viewing email attachments in Outlook 2013 /

Email messages in Outlook 2013 can contain attachments as well as text. In this video, discover how to safely open or save a file that is attached to an email message you receive.

Bibliographic Details
Format: Video
Language:English
Language Notes:In English.
Published: Hoboken, NJ : John Wiley & Sons, 2015.
Series:Academic Video Online
Subjects:
Online Access:Connect to this streaming video (Alexander Street Press)

MARC

Tag First Indicator Second Indicator Subfields
LEADER 00000cgm a2200000Mi 4500
001 in00005581813
006 m o c
007 cr |n||||||||a
007 vz |za|z|
008 180613s2015 nju001 e o vueng d
005 20241201234151.8
035 |a (OCoLC)on1048450116 
040 |a ALSTP  |b eng  |e rda  |c ALSTP  |d OCLCO  |d OCLCF  |d CAUOI  |d OCLCO  |d UPM  |d OCLCO  |d OCLCA  |d OCLCO  |d DXU 
019 |a 1373520189  |a 1444018381 
020 |z 9781118497159 
035 |a (OCoLC)1048450116  |z (OCoLC)1373520189  |z (OCoLC)1444018381 
049 |a TXAM 
245 0 0 |a Outlook 2013 for dummies & Access 2013 for dummies course.  |p Saving and viewing email attachments in Outlook 2013 /  |c For Dummies, a Wiley brand. 
264 1 |a Hoboken, NJ :  |b John Wiley & Sons,  |c 2015. 
300 |a 1 online resource (1 minute) 
306 |a 000057 
336 |a two-dimensional moving image  |b tdi  |2 rdacontent 
337 |a computer  |b c  |2 rdamedia 
337 |a video  |b v  |2 rdamedia 
338 |a online resource  |b cr  |2 rdacarrier 
347 |a video file  |2 rda 
490 0 |a Academic Video Online 
500 |a Title from resource description page (viewed June 13, 2018). 
520 |a Email messages in Outlook 2013 can contain attachments as well as text. In this video, discover how to safely open or save a file that is attached to an email message you receive. 
546 |a In English. 
630 0 0 |a Microsoft Outlook. 
630 0 7 |a Microsoft Outlook.  |2 fast  |0 (OCoLC)fst01386814 
650 0 |a Microsoft software. 
650 0 |a Electronic mail messages. 
650 2 |a Electronic Mail 
650 6 |a Logiciels Microsoft. 
650 6 |a Courrier électronique. 
650 7 |a Electronic mail messages.  |2 fast  |0 (OCoLC)fst00907328 
650 7 |a Microsoft software.  |2 fast  |0 (OCoLC)fst01020088 
655 7 |a Instructional films.  |2 fast  |0 (OCoLC)fst01726236 
655 7 |a Instructional films.  |2 lcgft 
655 7 |a Films de formation.  |2 rvmgf 
710 2 |a John Wiley & Sons,  |e production company. 
776 0 8 |i Original version:  |z 9781118497159 
856 4 0 |u http://proxy.library.tamu.edu/login?url=https://www.aspresolver.com/aspresolver.asp?MARC;3907119  |z Connect to this streaming video (Alexander Street Press)  |t 0 
955 |a Alexander Street Press subscription streaming video 
994 |a 92  |b TXA 
999 f f |s fdbfe651-f580-4ebe-a0f6-75319957a24d  |i 1bb5c441-a25d-4946-ae6e-f7bf3735a2fd  |t 0 
952 f f |a Texas A&M University  |b College Station  |c Electronic Resources  |d Available Online  |t 0  |h Library of Congress classification 
998 f f |t 0  |l Available Online